Divisió territorial de Catalunya per vegueries, comarques i municipis / Conselleria de Defensa, Servei d'Estadística i Identitat
Descripción Física:
64 p. : a dues columnes ; 14 x 21 cm
MARC
| LEADER | 00000nam a2200000Ia 4500 | ||
|---|---|---|---|
| 001 | 1086 | ||
| 008 | 160829s1936 xx 000 0 cat d | ||
| 080 | |a M-3-344 | ||
| 110 | 1 | |a Catalunya. |b Servei d'Estadística i Identitat |9 56429 | |
| 245 | |a Divisió territorial de Catalunya per vegueries, comarques i municipis / Conselleria de Defensa, Servei d'Estadística i Identitat | ||
| 260 | |a [sl : |b sn], |c 1936 | ||
| 300 | |a 64 p. : |b a dues columnes ; |c 14 x 21 cm | ||
| 590 | |a Hi ha un duplicat amb R. 1075: DUP-28 | ||
| 651 | 0 | |a Catalunya |x Divisions administratives i polítiques |9 54246 | |
| 901 | |a Arxiu | ||
| 942 | |n 1 | ||
| 952 | |0 0 |1 0 |4 0 |6 M3344 |7 1 |9 41701 |a Arxiu |b Arxiu |d 2016-12-01 |l 0 |o M-3-344 |p 1086 |r 2016-12-01 00:00:00 |w 2016-12-01 |y ARXIU | ||
| 999 | |c 43591 |d 43591 | ||